Welcome to CU Library Online Public Access Catalogue (OPAC)

WILLMINGTON'S COMPLETE GUIDE BIBLE KNOWLEDGE (Record no. 7140)

MARC details
000 -LEADER
fixed length control field 00405nam a22001457a 4500
005 - DATE AND TIME OF LATEST TRANSACTION
control field 20250724125616.0
008 - FIXED-LENGTH DATA ELEMENTS--GENERAL INFORMATION
fixed length control field 250724b |||||||| |||| 00| 0 eng d
020 ## - INTERNATIONAL STANDARD BOOK NUMBER
International Standard Book Number 031809081655
050 ## - LIBRARY OF CONGRESS CALL NUMBER
Classification number REF BS417
Item number WIL
100 ## - MAIN ENTRY--PERSONAL NAME
Personal name WILLMINGTON L. HAROLD
245 ## - TITLE STATEMENT
Title WILLMINGTON'S COMPLETE GUIDE BIBLE KNOWLEDGE
260 ## - PUBLICATION, DISTRIBUTION, ETC.
Place of publication, distribution, etc. WHEATON
Name of publisher, distributor, etc. TYNDALE HOUSE PUBLISHERS, INC.
Date of publication, distribution, etc. c1992
300 ## - PHYSICAL DESCRIPTION
Extent 548p
942 ## - ADDED ENTRY ELEMENTS (KOHA)
Source of classification or shelving scheme Library of Congress Classification
Koha item type Books
Suppress in OPAC No
999 ## -
-- 7140
-- 7140
Holdings
Withdrawn status Lost status Source of classification or shelving scheme Damaged status Not for loan Collection Home library Current library Shelving location Date acquired Total checkouts Full call number Barcode Date last seen Copy number Price effective from Koha item type
    Library of Congress Classification     Reference Undergraduate Library (Christ Temple) Undergraduate Library (Christ Temple) General stacks 07/24/2025   REF BS417 WIL ulct00004120 07/24/2025 1 07/24/2025 Books
© 2023-2024 Copyright: Central University Libraries. All Rights Reserved | Created by: Mahone Tech Office